Lula Do Brasil. : (Record no. 8212)

MARC details
000 -LEADER
campo de control de longitud fija 01515cam a22004214a 4500
001 - NÚMERO DE CONTROL
campo de control 98324
003 - IDENTIFICADOR DE NÚMERO DE CONTROL
campo de control BJBSDDR
005 - FECHA Y HORA DE LA ÚLTIMA TRANSACCIÓN
campo de control 20260114114824.0
006 - CÓDIGOS DE INFORMACIÓN DE LONGITUD FIJA--CARACTERÍSTICAS DEL MATERIAL ADICIONAL
campo de control de longitud fija a|||||r|||| 00| 0
007 - CAMPO FIJO DE DESCRIPCIÓN FÍSICA--INFORMACIÓN GENERAL
campo de control de longitud fija ta
008 - DATOS DE LONGITUD FIJA--INFORMACIÓN GENERAL
campo de control de longitud fija 100820s2009 cauaf b s001 0beng
020 ## - NÚMERO INTERNACIONAL ESTÁNDAR DEL LIBRO
Número Internacional Estándar del Libro 8561501243 (pbk.)
020 ## - NÚMERO INTERNACIONAL ESTÁNDAR DEL LIBRO
Número Internacional Estándar del Libro 9788561501242 (pbk.)
035 ## - NÚMERO DE CONTROL DEL SISTEMA
Número de control de sistema (OCoLC)ocn657112577
035 ## - NÚMERO DE CONTROL DEL SISTEMA
Número de control de sistema (OCoLC)657112577
040 ## - FUENTE DE CATALOGACIÓN
Centro catalogador/agencia de origen ZQP
Centro/agencia transcriptor ZQP
Lengua de catalogación eng
041 1# - CÓDIGO DE IDIOMA
Código de lengua del texto/banda sonora o título independiente por
Código de lengua original eng
050 14 - SIGNATURA TOPOGRÁFICA DE LA BIBLIOTECA DEL CONGRESO
Número de clasificación 103 F 2538.5
Número de ítem L955B 2009
082 00 - NÚMERO DE LA CLASIFICACIÓN DECIMAL DEWEY
Número de clasificación 981.06092
100 1# - ENTRADA PRINCIPAL--NOMBRE DE PERSONA
Nombre de persona Bourne, Richard,
Fechas asociadas al nombre 1940-
9 (RLIN) 42045
240 10 - TÍTULO UNIFORME
Título uniforme Lula of Brazil.
Lenguaje de la obra Portuguese
245 10 - MENCIÓN DEL TÍTULO
Título Lula Do Brasil. :
Resto del título a historia real /
Mención de responsabilidad, etc. Richard Bourne ; traduçao Paulo Schmidt, Bernardo Schmidt.
260 ## - PUBLICACIÓN, DISTRIBUCIÓN, ETC.
Lugar de publicación, distribución, etc. São Paulo, Brazil :
Nombre del editor, distribuidor, etc. Geração Editorial,
Fecha de publicación, distribución, etc. c2009.
300 ## - DESCRIPCIÓN FÍSICA
Extensión 360, [96] pages of plates :
Otras características físicas illustrations (some color) ;
Dimensiones 22 cm.
500 ## - NOTA GENERAL
Nota general Translation of: Lula of Brazil: the story so far
504 ## - NOTA DE BIBLIOGRAFÍA, ETC.
Nota de bibliografía, etc. Includes bibliographical references (pages 331-333) and index.
600 14 - PUNTO DE ACCESO ADICIONAL DE MATERIA--NOMBRE DE PERSONA
Nombre de persona Lula,
Fechas asociadas al nombre 1945-
9 (RLIN) 32253
650 #0 - PUNTO DE ACCESO ADICIONAL DE MATERIA--TÉRMINO DE MATERIA
Término de materia o nombre geográfico como elemento de entrada Presidents
Subdivisión geográfica Brazil
Subdivisión de forma Biography.
650 #4 - PUNTO DE ACCESO ADICIONAL DE MATERIA--TÉRMINO DE MATERIA
Término de materia o nombre geográfico como elemento de entrada Presidentes
Subdivisión de forma Biografías
Subdivisión geográfica Brasil
9 (RLIN) 39898
651 #0 - PUNTO DE ACCESO ADICIONAL DE MATERIA--NOMBRE GEOGRÁFICO
Nombre geográfico Brazil
Subdivisión general Politics and government
Subdivisión cronológica 2003-
651 #0 - PUNTO DE ACCESO ADICIONAL DE MATERIA--NOMBRE GEOGRÁFICO
Nombre geográfico Brazil
Subdivisión general Politics and government
Subdivisión cronológica 1985-2002.
651 #4 - PUNTO DE ACCESO ADICIONAL DE MATERIA--NOMBRE GEOGRÁFICO
Nombre geográfico Brasil
Subdivisión general Política y gobierno
Subdivisión cronológica 2003-
9 (RLIN) 3351
651 #4 - PUNTO DE ACCESO ADICIONAL DE MATERIA--NOMBRE GEOGRÁFICO
Nombre geográfico Brasil
Subdivisión general Política y gobierno
Subdivisión cronológica 1985-2002
9 (RLIN) 3351
700 1# - ENTRADA AGREGADA--NOMBRE PERSONAL
Nombre de persona Schmidt, Paulo
9 (RLIN) 46679
Término indicativo de función/relación translator
700 1# - ENTRADA AGREGADA--NOMBRE PERSONAL
Nombre de persona Schmidt, Bernardo
9 (RLIN) 46680
Término indicativo de función/relación translator
942 ## - ELEMENTOS DE ENTRADA SECUNDARIOS (KOHA)
Fuente del sistema de clasificación o colocación Clasificación de Library of Congress
Tipo de ítem Koha Libro
946 ## - PROCESAMIENTO DE INFORMACIÓN LOCAL (OCLC)
a MAT
Holdings
Estatus retirado Estado de pérdida Fuente del sistema de clasificación o colocación Estado de daño No para préstamo Colección Biblioteca de origen Biblioteca actual Ubicación en estantería Fecha de adquisición Total checkouts Signatura topográfica completa Código de barras Visto por última vez Copia número Precio de reemplazo Tipo de ítem Koha
    Clasificación de Library of Congress     Recursos Regionales Biblioteca Juan Bosch Biblioteca Juan Bosch Recursos Regionales (2do. Piso) 04/04/2023   103 F 2538.5 L955B 2009 00000092330 23/10/2018 1 23/10/2018 Libro